[Event "11th Tal Memorial Blitz 2018"]
[Site "Moscow"]
[Date "2018.03.05"]
[Round "9"]
[White "Gelfand, Boris"]
[Black "Morozevich, Alexander"]
[Result "1-0"]
[WhiteElo "2745"]
[BlackElo "2665"]
[Annotator "TA"]
[PlyCount "67"]
[EventDate "2018.??.??"]
[EventType "blitz"]
[EventCountry "RUS"]
[SourceTitle "playchess.com"]
[Source "ChessBase"]
[SourceQuality "1"]

{[%evp 16,67,42,52,186,193,188,176,212,189,249,232,239,223,301,266,268,255,248,293,288,289,254,272,297,283,295,277,278,278,261,275,303,299,291,104,329,307,508,478,592,596,580,539,831,807,889,820,29990,29991,29994,29993,29993,29992]} 1. d4 Nf6 2. Nf3 c5 3. d5 g6 4. Nc3 Bg7 5. e4 O-O 6. e5 Ne8 {A43: Schmid Benoni} 7. h4 d6 8. e6 fxe6 9. h5 {LiveBook: 6 Games} exd5 ({Black should try} 9... gxh5 $14 10. Rxh5 Nf6) 10. hxg6 $18 hxg6 11. Qxd5+ e6 12. Qd3 {[%mdl 1024] White has strong compensation.} Qf6 $146 (12... Rf6 {is a better defense.} 13. Bg5 d5) ({Predecessor:} 12... Rf5 13. Nh4 Nc6 14. Nxf5 gxf5 {1-0 (40) Yermolinsky,A (2560)-Khmelnitsky,I (2490) Modesto 1995}) 13. Ne4 Qf5 {[#]} 14. Nh4 $1 {[%cal Rh4f5]} Qf7 15. Qh3 d5 16. Nf3 {[%csl Gh1][%cal Rh3h7]} Qf5 {...Qxh3 is the strong threat.} 17. Qh7+ ({Stronger than} 17. Nxc5 Qxh3 18. Rxh3 e5 $11) 17... Kf7 {[#]} 18. Neg5+ $1 ({Weaker is} 18. Nxc5 Rh8 $16) 18... Ke7 19. Bd3 Qf6 {Strongly threatening ...Rh8.} 20. Qh2 ({Don't blunder} 20. Bxg6 $2 Rh8 $19) 20... Rh8 21. Nh7 {Hoping for Bg5.} Qf7 22. Nfg5 Qg8 23. Bxg6 {And now Bf7 would win.} Bc3+ 24. bxc3 Qxg6 25. Qg3 $2 (25. Be3 $18 {is more deadly.}) 25... Nc6 $2 (25... Nd7 $16 {was necessary.}) 26. Bf4 {[%cal Bc1f4,Bf4d6,Bd6f8][%mdl 32]} Nf6 $2 (26... Na5 27. O-O-O Nc4) 27. Bd6+ Kd7 {[%cal Rf6h7]} 28. Nf8+ Rxf8 29. Bxf8 Ne4 30. Nxe4 Qxe4+ 31. Kf1 {White threatens Qg7+ and mate.} Qe5 32. Rh7+ {White mates.} Ke8 33. Qg6+ Kd8 34. Qg8 {Precision: White = 80%, Black = 26%.} 1-0

[Event "11th Tal Memorial Blitz 2018"]
[Site "Moscow"]
[Date "2018.03.05"]
[Round "9"]
[White "Fedoseev, Vladimir"]
[Black "Karjakin, Sergey"]
[Result "1/2-1/2"]
[WhiteElo "2724"]
[BlackElo "2868"]
[Annotator "TA"]
[PlyCount "101"]
[EventDate "2018.??.??"]
[EventType "blitz"]
[EventCountry "RUS"]
[SourceTitle "playchess.com"]
[Source "ChessBase"]
[SourceQuality "1"]

{[%evp 20,101,21,7,9,16,16,-6,4,-4,8,0,-1,-14,0,0,0,0,0,0,0,0,13,0,7,14,22,31,33,36,60,64,130,87,72,76,71,74,72,81,61,48,32,43,74,68,68,67,67,30,33,34,33,33,36,22,35,22,49,12,13,8,9,8,11,8,52,51,68,65,126,6,7,8,16,16,20,17,22,0,11,0,20,0]} 1. e4 e5 2. Nf3 Nc6 3. Bb5 Nf6 4. O-O Nxe4 5. Re1 Nd6 6. Nxe5 Be7 7. Bf1 Nxe5 8. Rxe5 O-O 9. d4 Bf6 {C67: Ruy Lopez: Berlin Defence: 4 0-0 Nxe4} 10. Re2 b6 11. Re1 {LiveBook: 6 Games} Bb7 12. Bf4 Ne4 13. Be3 $146 ({Find the theoretical novelty and annotate with similar games:} 13. Nd2 Nxd2 14. Qxd2 d6 15. a4 a6 16. c3 Qd7 17. a5 b5 18. Bg5 {½-½ (18) Motylev,A (2675)-Giri,A (2772) Tbilisi 2017}) 13... Re8 14. Nd2 {[%cal Bb1d2,Bd2f1,Bf1e3][%mdl 32]} d6 15. Bd3 Qd7 16. Nf1 c5 17. c3 cxd4 18. Bxd4 Bxd4 19. cxd4 Nf6 20. Ne3 g6 21. Qb3 Rac8 22. a4 Re7 23. a5 bxa5 24. Rxa5 Be4 25. Bf1 Qb7 (25... Rc7 $14) 26. Qa3 {[#] Hoping for Ba6.} Rd8 27. Nc4 Bd5 28. Rxe7 Qxe7 29. Ne3 Qe4 30. Qd3 Qxd3 $1 31. Bxd3 Be4 32. Bxe4 Nxe4 $16 {[%mdl 4096] Endgame KRN-KRN} 33. f3 Nf6 34. b4 Rd7 35. Kf2 Kf8 36. Ke2 Rb7 37. b5 Ke7 38. Kd3 Ke6 39. d5+ Ke7 40. Kd4 Nd7 41. Nc4 Nc5 {And now ...Nb3+ would win.} 42. Kc3 Rc7 43. Ra3 Nd7 {Strongly threatening ...Nb6.} 44. Kd4 Nf6 {[#]} (44... Nb6 $14 45. Nxb6 axb6) 45. Na5 ({White should play} 45. Nxd6 $1 $16 {[%mdl 512] Black must now prevent Rxa7!} Rd7 (45... Kxd6 46. Ra6+) 46. Nc8+ Kd8 47. Nxa7 Rxd5+ 48. Kc4) 45... Rc5 $11 {The position is equal.} 46. Nc6+ Kf8 47. Nxa7 {Threatening b6.} Rxd5+ 48. Kc4 Rc5+ 49. Kd4 Rd5+ 50. Kc4 Rc5+ 51. Kd4 {Precision: White = 54%, Black = 58%.} 1/2-1/2

[Event "11th Tal Memorial Blitz 2018"]
[Site "Moscow"]
[Date "2018.03.05"]
[Round "9"]
[White "Mamedyarov, Shakhriyar"]
[Black "Svidler, Peter"]
[Result "1-0"]
[WhiteElo "2714"]
[BlackElo "2793"]
[Annotator "TA"]
[PlyCount "59"]
[EventDate "2018.??.??"]
[EventType "blitz"]
[EventCountry "RUS"]
[SourceTitle "playchess.com"]
[Source "ChessBase"]
[SourceQuality "1"]

{[%evp 29,59,-4,0,0,-16,-7,0,0,13,0,6,0,21,14,21,29,33,16,38,16,37,33,90,59,56,64,70,64,98,81,472,451]} 1. d4 Nf6 2. c4 c5 3. d5 e6 4. Nc3 d6 5. e4 g6 6. Nf3 Bg7 7. h3 O-O 8. Bd3 exd5 9. cxd5 b5 10. Nxb5 Re8 11. O-O Nxe4 12. Re1 a6 13. Na3 Nf6 14. Rxe8+ Nxe8 15. Nc4 Nd7 {LiveBook: 17 Games. A70: Modern Benoni: 6 e4 g6 7 Nf3} (15... Bb7 16. Bg5 Qc7 17. Bd2 Bxd5 18. Ba5 Qb7 19. Nb6 Ra7 20. Nxd5 Qxd5 21. Qc2 Nf6 22. Rd1 Nc6 23. Qa4 Nxa5 24. Qxa5 Qa8 25. b3 h6 {½-½ (25) Kozul,Z (2604)-Cvitan,O (2533) Rijeka 2009}) 16. Bf4 Ndf6 17. Ne3 Nh5 $146 {The position is equal.} ({Predecessor:} 17... Rb8 18. Rb1 Nc7 19. Bf1 Rb4 20. Bg5 h6 21. a3 Re4 22. Bh4 Nb5 23. Bd3 Re8 24. a4 Nc7 25. Qb3 Bd7 26. Bg3 Bf8 27. Nd2 Qa8 28. Bc4 {½-½ (28) Camacho Dominguez,F (2187)-Ramos Verdu,J (2100) ICCF email 2012}) 18. Bg5 Bf6 19. h4 Rb8 20. b3 Bxg5 21. hxg5 f6 22. gxf6 Qxf6 23. Rc1 $36 {[%mdl 2048] White fights for an advantage.} Nc7 24. Rc4 Nf4 25. Qd2 Bd7 ({Black should play} 25... Nxd3 $14 26. Qxd3 Bd7) 26. Ng4 Bxg4 27. Rxf4 Qa1+ 28. Bf1 Bxf3 29. Rxf3 {[#] Hoping for Qf4.} Re8 $2 {[%mdl 8192]} (29... Qd4 $16 {is tougher.} 30. Qxd4 cxd4) 30. Qf4 {Precision: White = 62%, Black = 48%.} 1-0

[Event "11th Tal Memorial Blitz 2018"]
[Site "Moscow"]
[Date "2018.03.05"]
[Round "9"]
[White "Andreikin, Dmitry"]
[Black "Artemiev, Vladislav"]
[Result "0-1"]
[WhiteElo "2712"]
[BlackElo "2697"]
[Annotator "TA"]
[PlyCount "118"]
[EventDate "2018.??.??"]
[EventType "blitz"]
[EventCountry "RUS"]
[SourceTitle "playchess.com"]
[Source "ChessBase"]
[SourceQuality "1"]

{[%evp 14,118,30,7,29,22,31,19,21,0,0,0,0,0,0,-19,-19,-19,-19,-19,-20,-26,-39,-33,-33,-33,-33,-33,-33,-33,-39,-31,-41,-62,-63,-54,-16,-86,-86,-86,-88,-99,-93,-96,-96,-95,-95,-92,-92,-120,-104,-92,-93,-92,-97,-208,-208,-208,-212,-220,-191,-201,-208,-184,-89,-89,-91,-92,-94,-165,-156,-232,-234,-225,-212,-408,-422,-408,-326,-433,-432,-423,-417,-420,-430,-419,-402,-441,-433,-873,-1062,-1102,-1139,-977,-1095,-1262,-1261,-1080,-1147,-1108,-1065,-972,-891,-825,-722,-6107,-6087]} 1. Nf3 g6 2. e4 d6 3. d4 Nf6 4. Nc3 Bg7 5. h3 O-O 6. Be3 a6 7. a4 Nc6 8. d5 Nb8 {B08: Pirc Defence: Classical System} 9. Bd3 e6 10. dxe6 $146 ({Predecessor:} 10. Qd2 exd5 11. exd5 Nbd7 12. O-O Nc5 13. Bg5 Re8 14. Rfe1 Bd7 15. a5 Rxe1+ 16. Rxe1 {½-½ (58) Rizouk,A (2524)-Movsziszian,K (2479) Barcelona 2015}) 10... Bxe6 {The position is equal.} 11. Nd4 d5 12. O-O Nc6 13. Nxc6 bxc6 14. Bd4 (14. exd5 {seems wilder.} cxd5 15. Ne2 Qd6 16. c3 c5 17. Rb1) 14... dxe4 15. Bxe4 Nxe4 16. Bxg7 Qxd1 17. Rfxd1 Nxf2 $1 18. Bxf8 Nxd1 19. Rxd1 {aiming for Bh6.} Kxf8 $11 {[%mdl 4096] Endgame KRB-KRN} 20. Ne4 Bf5 21. Nc5 Bxc2 22. Rd7 Rb8 23. Rxc7 Rxb2 24. Rxc6 Rb4 25. a5 (25. Rxa6 $11 Rc4 26. Nd7+ Ke7 27. Nb6) 25... Rb5 $17 26. Nxa6 Be4 27. Rc8+ Kg7 $1 {Hoping for ...Bb7.} 28. Nc5 Bf5 29. Rc7 Rxa5 30. g4 Bb1 31. Kh2 Ba2 32. g5 h6 33. h4 Bd5 34. Kg3 (34. Nd7 $17) 34... Ra3+ $19 35. Kh2 Ra2+ 36. Kg3 {[#]} Rg2+ $1 37. Kf4 {[#]} Rf2+ $1 38. Ke3 Rf5 (38... Rf3+ $19 {and Black stays clearly on top.} 39. Kd4 Rf5 40. gxh6+ Kxh6) 39. gxh6+ $17 Kxh6 {And now ...Kh5 would win.} 40. Nd3 Rf3+ 41. Kd4 (41. Ke2 $17) 41... Be6 $19 42. Ne5 (42. Nc5 $17) 42... Rf4+ 43. Ke3 Rf5 ({Not} 43... Rxh4 44. Nxf7+ Bxf7 45. Rxf7 $15) 44. Nd3 $2 (44. Nf3) 44... Kh5 45. Nf4+ Kxh4 46. Re7 g5 47. Ne2 Kg4 48. Nd4 Rf1 49. Re8 Bd5 50. Ke2 Rf4 {Black is clearly winning.} 51. Ke3 (51. Kd3 $142) 51... f5 52. Rf8 Re4+ 53. Kd3 Re5 54. Nc2 Be4+ 55. Kd4 Rd5+ 56. Kc4 Rd7 57. Nd4 Rc7+ 58. Kb4 f4 59. Rg8 Bd5 {Precision: White = 31%, Black = 81%.} 0-1

[Event "11th Tal Memorial Blitz 2018"]
[Site "Moscow"]
[Date "2018.03.05"]
[Round "11"]
[White "Grischuk, Alexander"]
[Black "Morozevich, Alexander"]
[Result "0-1"]
[WhiteElo "2846"]
[BlackElo "2665"]
[Annotator "TA"]
[PlyCount "66"]
[EventDate "2018.??.??"]
[EventType "blitz"]
[EventCountry "RUS"]
[SourceTitle "playchess.com"]
[Source "ChessBase"]
[SourceQuality "1"]

{[%evp 18,66,54,55,112,66,41,49,47,42,34,33,34,0,12,0,35,-19,-18,-56,-54,-62,-14,-9,-8,-20,0,-46,-30,-30,-30,-28,-22,-22,-22,-21,-20,-26,-25,-45,-35,-45,0,-25,0,-69,-64,-737,-725,-718,-729]} 1. Nf3 d5 2. b3 Nf6 3. Bb2 g6 4. c4 Bg7 5. g3 O-O 6. Bg2 Nc6 {A05: Réti Opening: 1 Nf3 Nf6} (6... c6 7. d3 b6 8. O-O Bb7 9. Nbd2 c5 10. cxd5 Nxd5 11. Bxg7 Kxg7 12. Qc2 Nc6 13. Qb2+ f6 14. a3 e5 15. e3 Qe7 16. Rfe1 Qf7 17. Ne4 {½-½ (54) Pantsulaia,L (2612)-Inarkiev,E (2689) Riadh 2017}) 7. cxd5 Nxd5 8. Bxg7 Kxg7 9. d4 Bf5 10. O-O {LiveBook: 3 Games} Ndb4 $146 (10... e6 $14) ({Predecessor:} 10... Kg8 11. Qd2 Be4 12. Rd1 Qd6 13. Qb2 {½-½ (49) Fridman,R (2479)-Warmerdam,M (2361) Germany 2016}) 11. Na3 a5 12. Qc1 Be4 13. Rd1 e6 14. Qb2 {[#] Hoping for d5+.} Qf6 15. Rd2 Rfd8 16. Rad1 a4 17. Nb5 (17. Nc4 $14) 17... axb3 $11 18. axb3 Ra2 19. Qc3 Rxd2 20. Rxd2 Nd5 21. Qb2 Ra8 {[%cal Bd8a8,Ba8a5,Ba5d5][%mdl 32]} 22. Kh1 Ra5 23. Nc3 Nxc3 24. Qxc3 Rd5 25. Qe3 $1 {[%cal Re3e4]} Bxf3 26. Bxf3 Rxd4 27. Rc2 $1 Rd6 $36 {[%mdl 2048] Black has good play.} 28. Kg2 e5 29. Rc5 Re6 30. Bd5 Re7 31. Qc3 ({White should try} 31. Qc1 $11) 31... Nd4 $1 $15 {Strongly threatening ...b6.} 32. Qe3 $2 {[%mdl 8192] [#]} (32. Bxb7 $15 Nxe2 33. Qc4) 32... Qd6 $19 33. b4 b6 {Precision: White = 39%, Black = 60%.} 0-1

[Event "11th Tal Memorial Blitz 2018"]
[Site "Moscow"]
[Date "2018.03.05"]
[Round "11"]
[White "Kramnik, Vladimir"]
[Black "Artemiev, Vladislav"]
[Result "0-1"]
[WhiteElo "2784"]
[BlackElo "2697"]
[Annotator "TA"]
[PlyCount "60"]
[EventDate "2018.??.??"]
[EventType "blitz"]
[EventCountry "RUS"]
[SourceTitle "playchess.com"]
[Source "ChessBase"]
[SourceQuality "1"]

{[%evp 12,60,31,8,23,15,10,0,27,21,31,28,43,0,8,0,0,-21,-1,-19,-26,-21,-18,-12,-9,-19,-16,-71,-57,-247,-248,-250,-245,-227,-225,-216,-213,-394,-383,-372,-363,-441,-431,-420,-429,-428,-432,-526,-442,-769,-734]} 1. d4 Nf6 2. Nf3 g6 3. g3 b6 4. Bg2 Bb7 5. c4 Bg7 6. O-O O-O 7. Qd3 {LiveBook: 3 Games. A50: Queen's Fianchetto Defence (1 d4 Nf6 2 c4 b6)} (7. Qc2 c5 8. d5 b5 9. e4 bxc4 10. Rd1 d6 11. Na3 Nbd7 12. Nxc4 Ng4 13. Bd2 Ba6 14. Rab1 Nge5 15. Nfxe5 Nxe5 16. Nxe5 Bxe5 {½-½ (42) Mamedyarov,S (2799)-Artemiev,V (2691) Riadh 2017}) 7... c5 8. d5 $146 ({Predecessor:} 8. dxc5 bxc5 9. Nc3 d6 10. e4 Nc6 11. Bf4 Nd7 12. Rad1 Nd4 13. Qe3 Qa5 14. Nd5 Bxd5 15. exd5 {0-1 (29) Ererdem,G (2173)-Ipatov,A (2624) Adana 2015}) 8... b5 9. cxb5 {The position is equal.} Bxd5 10. Nc3 Bb7 11. e4 a6 12. Re1 d6 13. e5 dxe5 14. Qxd8 Rxd8 15. Nxe5 Bxg2 16. Kxg2 {White wants to play b6.} axb5 17. Nxb5 Nd5 18. a4 Nb4 $36 {[%mdl 2048] [#] And now ...Nc2 would win. Black is pushing.} 19. Bf4 (19. Re2 $11 {keeps the balance.}) 19... g5 $17 20. Rad1 $2 ({Better is} 20. Bxg5 $15 Nc2 21. Nxf7 (21. Bxe7 Re8 $11)) 20... Rxd1 $19 21. Rxd1 {aiming for Rd8+.} N8a6 ({Stronger than} 21... gxf4 22. Rd8+ Bf8 23. a5 $11) 22. Bxg5 {[#] Hoping for Nc4.} Bxe5 23. Bxe7 Bxb2 24. Rb1 $2 (24. Rd7) 24... Nd3 25. Nd6 Nab4 26. Ne4 Re8 27. Rxb2 Rxe7 28. Re2 {Black is clearly winning.} Kg7 29. Re3 Nc2 30. Rxd3 (30. Re2 $142 f5 31. Nc3) 30... Ne1+ {Precision: White = 32%, Black = 90%.} (30... Rxe4 $2 31. Rc3 $19) 0-1

[Event "11th Tal Memorial Blitz 2018"]
[Site "Moscow"]
[Date "2018.03.05"]
[Round "11"]
[White "Dubov, Daniil"]
[Black "Karjakin, Sergey"]
[Result "0-1"]
[WhiteElo "2767"]
[BlackElo "2868"]
[Annotator "TA"]
[PlyCount "172"]
[EventDate "2018.??.??"]
[EventType "blitz"]
[EventCountry "RUS"]
[SourceTitle "playchess.com"]
[Source "ChessBase"]
[SourceQuality "1"]

{[%evp 14,172,9,0,8,0,0,0,0,0,0,0,0,-2,0,0,0,-11,-4,-14,-5,-18,-5,-11,0,0,0,-20,-7,-24,0,0,0,-8,0,0,0,2,9,0,58,66,75,64,69,68,70,69,137,126,160,150,216,9,36,0,20,-181,-180,-172,-89,-94,-106,-106,-56,-61,-25,-99,-101,-94,-82,-95,-89,-99,-93,-145,-145,-142,-132,-145,-149,-227,-216,-210,-211,-249,-177,-169,-103,-228,-226,-554,-100,-93,-100,-95,-32,-40,0,0,0,-17,-19,-41,-34,-63,-10,-66,-31,-85,-56,-56,-56,-72,-72,-91,-91,-342,-92,-119,-124,-367,-349,-29963,-29964,-29966,-29969,-29972,-29972,-29971,-29973,-29972,-29973,-29973,-29967,-29965,-29968,-29965,-29969,-29967,-29969,-29970,-29971,-29972,-29974,-29974,-29974,-29976,-29975,-29982,-29983,-29978,-29979,-29993,-29967,-4929,-4752,-29985,-29986,-29979,-29970]} 1. c4 Nf6 2. Nc3 e5 3. Nf3 Nc6 4. g3 Bb4 5. Bg2 O-O 6. O-O d6 7. d3 Re8 {A29: English Opening: Four Knights Variation with 4 g3} 8. Na4 {LiveBook: 3 Games} d5 9. cxd5 Nxd5 {The position is equal.} 10. Bg5 f6 $146 ({Find the theoretical novelty and annotate with similar games:} 10... Qd7 11. Rc1 h6 12. Bd2 Bf8 13. Re1 b6 14. Nc3 Nf6 15. Qa4 {½-½ (40) Nepomniachtchi,I (2733)-Kryvoruchko,Y (2692) Antalya 2017}) 11. Bd2 {And now e4 would win.} Bf8 12. Rc1 Be6 13. a3 a5 14. Qc2 Qd7 15. Nc5 Bxc5 $1 16. Qxc5 Red8 17. Rfd1 Nde7 18. b4 axb4 19. axb4 b6 20. Qc3 Ra7 21. Ra1 Rda8 22. Rxa7 Rxa7 23. Rc1 Nd8 24. e4 Bg4 25. Be3 Ne6 26. Nd2 Bh5 (26... Nd4 $11 27. Bxd4 exd4 28. Qb3+ Kf8) 27. Bh3 $14 Bf7 28. f4 exf4 29. gxf4 Qb5 30. f5 Nf8 (30... Nd8 $1 $14) 31. d4 Qe2 32. Bf4 ({Weaker is} 32. Bf1 Qg4+ 33. Kf2 (33. Kh1 Nxf5 34. d5 Nd6 $17) 33... g6 $11) 32... g6 (32... Ra2 $16 {was called for.} 33. Bf1 Qg4+ 34. Qg3 Qxg3+ 35. hxg3 g5) 33. fxg6 $2 (33. d5 $1 $18 Nd7 34. Qg3) 33... Nfxg6 34. Bg3 Ra2 35. Nf3 $2 (35. Be1 $1 $11) 35... Qxe4 $19 36. Re1 Qa8 ({Black should try} 36... Nd5 $19 37. Qb3 Ndf4 38. Qxf7+ Kxf7 39. Rxe4 Nxh3+ 40. Kf1 Ra3) 37. Nh4 $17 Nd5 38. Qf3 Ra3 39. Qe4 Nxb4 {White must now prevent ...Qxe4.} 40. Qxa8+ (40. d5 $1 $11 Nxd5 41. Nxg6 hxg6 42. Be6) 40... Rxa8 41. Nf5 c6 42. Nh6+ Kg7 43. Nxf7 Kxf7 44. Bd6 (44. Be6+ $142 Kg7 45. Rb1) 44... Nd5 45. Be6+ Kg7 46. Rc1 Nge7 47. Bxd5 (47. Bxe7 $17 {keeps fighting.} Nxe7 48. d5 cxd5 49. Rc7) 47... Nxd5 $19 48. Rxc6 $17 {[%mdl 4096] Endgame KRB-KRN} Ra4 49. Bc7 Kg6 ({Much less strong is} 49... Rxd4 50. Bxb6 Nxb6 51. Rxb6 $17) 50. Bd8 b5 (50... Kf5 $19 51. Kf2 Ra2+ 52. Kf3 Rxh2 53. Bxb6 Rh3+ 54. Kf2 h5) 51. Rd6 (51. Rc5 $17 Rxd4 52. Rxb5) 51... Rxd4 $19 52. Bxf6 $2 (52. h3 {is a better chance.}) 52... Rd1+ $2 (52... Rg4+ $19 {has better winning chances.} 53. Kf2 Nxf6) 53. Kf2 $17 Kf5 54. Bh8 b4 (54... h5 $1 $17 {Threatens to win with ...b4.} 55. Rd8 Rd2+ 56. Ke1 Rd3 57. Rf8+ Ke6 58. Re8+ Kd6) 55. Rh6 $1 $15 Nc3 56. Rxh7 Rd8 57. Rh5+ Ke4 58. Rh4+ Kd3 59. Bg7 Rg8 (59... Ne4+ $15 60. Kf3 Nd2+ 61. Kg3 Ne4+ 62. Kf3 Re8) 60. Be5 (60. Rg4 $11) 60... Re8 {aiming for ...Ne4+.} 61. Bg7 ({Better is} 61. Rd4+ $15 Kc2 62. Rxb4) 61... Re2+ 62. Kf1 Re7 63. Bh8 Ne4 64. Rh3+ Kc2 65. Rh6 $2 {[%mdl 8192]} (65. Rh4 $17) 65... Rc7 $2 (65... Nc3 $1 $19 66. Rb6 b3 67. Bxc3 Kxc3) 66. Rb6 b3 67. h4 $2 {[#]} (67. Ba1 $17 {is a better defense.}) 67... Nc3 $1 $19 68. Be5 $2 (68. h5 $19 b2 69. h6 b1=Q+ 70. Rxb1 Nxb1 71. Ke2) 68... Rc5 69. Bd4 Rc4 70. Bf6 b2 71. Kg2 b1=Q 72. Rxb1 Nxb1 73. h5 Rc5 74. h6 Rh5 75. Bg7 {[#]} Nc3 $1 {[%cal Rc3e4]} 76. Kf3 Nd5 77. Kg4 Rh1 78. Kf5 Kd3 79. Ke5 Rh5+ 80. Ke6 Ke4 81. Kf7 Kf5 82. Bf8 Nf6 83. Kg7 Rg5+ 84. Kf7 Rg2 85. Be7 Nh7 86. Bc5 Rg6 {Precision: White = 42%, Black = 42%.} 0-1

[Event "11th Tal Memorial Blitz 2018"]
[Site "Moscow"]
[Date "2018.03.05"]
[Round "11"]
[White "Gelfand, Boris"]
[Black "Svidler, Peter"]
[Result "0-1"]
[WhiteElo "2745"]
[BlackElo "2793"]
[Annotator "TA"]
[PlyCount "198"]
[EventDate "2018.??.??"]
[EventType "blitz"]
[EventCountry "RUS"]
[SourceTitle "playchess.com"]
[Source "ChessBase"]
[SourceQuality "1"]

{[%evp 10,198,25,23,36,34,25,23,29,0,10,0,0,0,0,-17,-17,-17,-11,-19,-14,-13,-24,-14,-13,-10,0,-3,0,-27,-27,-29,-20,-33,-27,-29,-30,-30,-17,-30,-30,-60,-29,-51,-27,-91,-83,-97,-75,-58,-29,-56,-67,-55,-36,-31,0,-15,0,0,0,-90,-85,-85,-85,-79,-80,-82,-86,-103,-97,-162,-31,-21,-29,-50,-60,-83,-76,-81,-83,-94,-66,-71,-72,-141,-139,-302,-309,-305,-288,-301,-310,-306,-314,-300,-269,-341,-311,-292,-298,-550,-529,-946,-1029,-972,-987,-843,-731,-2014,-1587,-3021,-3900,-1409,-1191,-1102,-154,-154,-154,-154,-8,-154,-154,-599,-255,-29961,-255,-255,-154,-154,-154,-181,-181,-217,0,-154,-154,-6243,-5932,-599,-2337,-29949,-29950,-29953,-29952,-29955,0,-29946,-12842,-29944,-12468,-29955,-29959,-29955,-29938,-12835,-85,-12849,0,-11667,-8600,-8395,-6036,-3179,-1749,-29959,-29959,-29962,-29962,-29962,-29960,-29960,-29961,-29960,0,-29954,0,-29965,-29966,-29964,-29967,-29963,-29968,-29967,-29972,-29972,-29973,-29971,-29972,-29970,-29971]} 1. d4 Nf6 2. Nf3 c5 3. d5 b5 4. Bg5 Qb6 5. Bxf6 Qxf6 6. c3 Qb6 {A43: Schmid Benoni} (6... g6 7. e3 b4 8. Nbd2 Bg7 9. Rc1 O-O 10. Be2 bxc3 11. bxc3 d6 12. O-O Nd7 13. Ne4 Qf5 14. Ng3 Qf6 15. Ne4 Qf5 16. Ng3 Qf6 17. Ne4 {½-½ (17) So,W (2815)-Carlsen,M (2832) chess.com INT 2017}) 7. e4 g6 8. a4 b4 {White has an edge.} 9. Nbd2 (9. a5 $5 {[%cal Ra5b6]} Qb7 10. Bc4 $11) 9... Bg7 10. a5 Qb7 11. Qc2 O-O 12. Bc4 $146 ({Predecessor:} 12. Bd3 d6 13. O-O Na6 14. Nc4 {0-1 (40) Romero Holmes,A (2523)-Hamitevici,V (2429) Paleochora 2012}) 12... d6 13. O-O Nd7 14. Rfe1 Rb8 15. Qd3 Qc7 16. Qe3 bxc3 17. bxc3 Rb2 18. h3 Bb7 19. Reb1 Rxb1+ $1 20. Rxb1 Rb8 21. Ra1 Bc8 22. Ra2 Nf6 {[%cal Bd7f6,Bf6e8,Be8c7][%mdl 32]} 23. Qd3 Bd7 24. Qc2 Ne8 25. Bd3 Qd8 26. Nc4 Nc7 27. Qd2 (27. Rb2 $11 {keeps the balance.}) 27... Rb3 $17 28. Rc2 {[%cal Ba2c2,Bc2c1,Bc1e1][%mdl 32]} Nb5 {[%cal Rg7c3]} 29. e5 Na3 30. Rc1 Nxc4 31. Bxc4 Rb8 32. Qf4 Be8 33. Re1 dxe5 (33... Ba4 {looks sharper.} 34. a6 Bc2 35. Qe3 Qf8 36. Qe2 Bf5) 34. Nxe5 {aiming for Nc6.} Qd6 35. Qe3 (35. g3 $11) 35... Qxe5 36. Qxe5 Bxe5 37. Rxe5 {[%mdl 4096] Endgame KRB-KRB} Rb1+ 38. Kh2 Kf8 39. Kg3 Bb5 40. Re4 (40. Bxb5 $17 {keeps fighting.} Rxb5 41. a6) 40... Bxc4 (40... f5 $19 41. Rf4 Bd7) 41. Rxc4 $19 {KR-KR} Rb5 42. Ra4 Ke8 43. Kf3 Kd7 44. Ke3 Kd6 45. g4 Rb3 46. Kd3 Kxd5 47. Rf4 (47. g5 $142) 47... f6 $17 {[%cal Bf7f6,Bf6f5][%mdl 32]} 48. h4 $2 (48. g5 $17 {is a better defense.}) 48... Ra3 $19 49. h5 Rxa5 50. hxg6 hxg6 51. g5 f5 ({Don't do} 51... fxg5 52. Re4 $19) 52. Rh4 Ra2 53. Ke3 Rc2 54. Rh6 Rxc3+ 55. Ke2 $2 (55. Kd2 Rf3 56. Ke2) 55... Ke4 56. Rxg6 Rc2+ 57. Ke1 Kf3 58. Re6 Rxf2 59. Rxe7 Rg2 60. Kf1 Rxg5 61. Re5 Kg4 62. Rxc5 Rg6 $2 (62... f4 $19 {is more deadly.} 63. Rc8 Ra5) 63. Ra5 $17 a6 64. Kf2 Rb6 (64... f4 $17 {next ...Rb6 is good for Black.} 65. Ra1 Rh6) 65. Ra2 (65. Ra4+ $1 $11 f4 66. Ra1) 65... f4 66. Kg2 $2 (66. Ra3 $17 {was the crucial defense.}) 66... Rh6 $19 67. Ra3 $2 {[#]} (67. Ra4 $19) 67... Rf6 $2 (67... f3+ $1 68. Kf2 (68. Rxf3 Rh2+) 68... Rh2+ 69. Ke1 Kg3 70. Rxa6 Rh1+ 71. Kd2 f2 72. Rg6+ Kh2 73. Rh6+ Kg1 74. Rg6+ Kh2 75. Rh6+ Kg2 76. Rg6+ Kf1 77. Rf6 Rg1 78. Ke3 Rg3+ 79. Kd2 Kg1 80. Ke2 Rg7 81. Rf8 Re7+ 82. Kd2 f1=Q 83. Rg8+ Qg2+ 84. Rxg2+ Kxg2 85. Kd3 Re5 86. Kd4 Ra5 87. Ke4 Kg3 88. Kd4 Kf3 89. Kc4 Ke3 90. Kb4 Rf5 91. Kc4 Re5 92. Kb3 Kd3 93. Kb4 Rf5 94. Kb3 Rf4 95. Kb2 Rb4+ 96. Ka3 Kc3 97. Ka2 Kc2 98. Ka3 Rf4 99. Ka2 Ra4#) 68. Kf2 Rb6 69. Ra2 Rh6 {( -> ...Rh2+)} 70. Ra3 Kf5 71. Ra5+ Kg4 72. Ra3 $1 Rf6 73. Ra4 $2 (73. Ra1 $17) 73... Kf5 $1 74. Kf3 {[#]} Ke5 $1 {[%cal Re5d5]} 75. Ra1 Kd4 76. Rd1+ Kc3 77. Ra1 Kd4 $2 (77... Kb3 78. Ke2 f3+ 79. Kf2 Kc3 80. Ra4 Kb3 81. Ra1 Kb4 82. Rb1+ Ka3 83. Ra1+ Kb3 84. Ke1 f2+ 85. Kf1 Kb4 86. Rb1+ Ka3 87. Ra1+ Kb3 88. Rb1+ Ka3 89. Ra1+ Kb3 90. Rb1+ Kc4 91. Rc1+ Kb4 92. Rb1+ Kc4 93. Rc1+ Kb4 94. Rb1+) 78. Ra5 $2 {[%mdl 8192]} (78. Rd1+ $11 Kc4 79. Ra1) 78... Kc4 79. Ra1 Kb3 80. Ke2 f3+ 81. Kf2 Kc3 82. Ra4 Kc2 {...Kc3 is the strong threat.} 83. Ra5 $2 {[%mdl 8192]} (83. Ra3 $17 Kb2 84. Ra5) 83... Kb3 84. Ra1 {[#]} Kb4 $1 85. Rb1+ Kc4 86. Ra1 Kb3 87. Ke1 f2+ 88. Kf1 Kc3 89. Ra4 Kb2 90. Ra5 Kc2 91. Ra3 Kb2 92. Ra5 Kc3 $2 (92... Kc1 {mates} 93. Ra2 Kb1 94. Ra4 Kb2 95. Ra5) 93. Ra1 $2 {[%mdl 8192]} (93. Ra4 $11 Kb3 94. Ra1) 93... Kb3 {Black mates.} 94. Rb1+ Ka2 95. Rb4 Ka3 96. Rb1 a5 97. Ra1+ Kb4 98. Rb1+ Kc3 99. Ra1 Rf5 {Precision: White = 31%, Black = 58%.} 0-1